Contemporary German fiction writers. First series /

Bibliographic Details
Other Authors: Elfe, Wolfgang, Hardin, James N.
Format: Book
Language:English
Published: Detroit, Mich. : Gale Research Co., [1988]
Series:Dictionary of literary biography ; v. 69.
Subjects:
Online Access:Connect to the online version of this resource

MARC

Tag First Indicator Second Indicator Subfields
LEADER 00000cam a22000008a 4500
001 in00000020639
005 20190325090712.0
008 880412s1988 miuac bd 00100deng
010 |a  88011164  
020 |a 0810317478 
035 |a (OCoLC)17873491 
035 |9 AAB3565AM 
040 |a DLC  |c DLC  |d TXA  |d UtOrBLW 
043 |a e-gx--- 
049 |a TXAF  |c [A11109474] 
050 0 0 |a PT772  |b .C59 1988 
050 4 |a PN451  |b .D53 v.69 
245 0 0 |a Contemporary German fiction writers.  |n First series /  |c edited by Wolfgang D. Elfe and James Hardin. 
264 1 |a Detroit, Mich. :  |b Gale Research Co.,  |c [1988] 
264 4 |c ©1988 
300 |a xi, 413 pages :  |b illustrations, portraits 
336 |a text  |b txt  |2 rdacontent 
337 |a unmediated  |b n  |2 rdamedia 
338 |a volume  |b nc  |2 rdacarrier 
490 1 |a Dictionary of literary biography ;  |v v. 69 
500 |a "A Bruccoli Clark Layman book." 
504 |a Bibliography: pages 349-350. 
500 |a Includes index. 
650 0 |a German fiction  |y 20th century  |x Bio-bibliography. 
650 0 |a Novelists, German  |y 20th century  |v Biography  |x Dictionaries. 
650 0 |a German fiction  |y 20th century  |x History and criticism. 
700 1 |a Elfe, Wolfgang. 
700 1 |a Hardin, James N. 
830 0 |a Dictionary of literary biography ;  |v v. 69. 
856 4 1 |u http://proxy.library.tamu.edu/login?url=http://galenet.galegroup.com/servlet/GLA?dd=0&locID=txshracd2898&srchtp=a&sSte=10&c=213&typ=All&sDocNum=BK1498355003&docNum=BK1498359999&vrsn=1.0&l0=1988&srs=dlb&af=RN&ste=25&stp=SeriesTitle&d4=0.25&dc=tiPG&n=10&tiPG=0  |z Connect to the online version of this resource  |t 0 
999 |a MARS 
999 f f |s 58a2efe8-d043-3b00-9112-d8424cf6cbf9  |i ca4b3162-aeca-3510-a41b-e52442c0d8ef  |t 0 
952 f f |p storage  |a Texas A&M University  |b J.J. Pickle Campus  |c High Density Repository  |d Remote Storage  |t 0  |e PN451 .D53 v.69  |h Library of Congress classification  |i unmediated -- volume  |m A14811109474 
998 f f |a PN451 .D53 v.69  |t 0  |l Remote Storage